Urbanos de Lisboa - Statistics

Estatísticas Gerais
  • Esse quiz foi jogado 15 vezes
  • A pontuação média é 44 de 73
Estatísticas das Respostas
Resposta % Correto
Carcavelos
92%
Santos
92%
Alcântara-Mar
83%
Alcântara-Terra
83%
Belém
83%
Cais do Sodré
83%
Cascais
83%
Oeiras
83%
Santo Amaro de Oeiras
83%
São Pedro do Estoril
83%
Sete Rios
83%
Algés
75%
Algualva-Cacém
75%
Caxias
75%
Cruz Quebrada
75%
Estoril
75%
Lisboa- Gare do Oriente
75%
Monte Estoril
75%
Parede
75%
São João do Estoril
75%
Sintra
75%
Amadora
67%
Azambuja
67%
Benfica
67%
Entrecampos
67%
Espadanal da Azambuja
67%
Moscavide
67%
Roma-Areeiro
67%
Santa Apolónia
67%
Vila Franca de Xira
67%
Algueirão-Mem Martins
58%
Alverca
58%
Coina
58%
Lisboa-Rossio
58%
Marvila
58%
Massamá-Barcarena
58%
Monte Abraão
58%
Paço de Arcos
58%
Palmela
58%
Pinhal Novo
58%
Portela de Sintra
58%
Pragal
58%
Reboleira
58%
Rio de Mouro
58%
Santa Cruz/Damaia
58%
Setúbal
58%
Barreiro
50%
Barreiro-A
50%
Braço de Prata
50%
Campolide
50%
Foros de Amora
50%
Mercês
50%
Moita
50%
Praias do Sado-A
50%
Queluz-Belas
50%
Sacavém
50%
Alhandra
42%
Bobadela
42%
Carregado
42%
Castanheira do Ribatejo
42%
Corroios
42%
Fogueteiro
42%
Mira Sintra-Meleças
42%
Póvoa
42%
Santa Iria
42%
Venda do Alcaide
42%
Vila Nova da Rainha
42%
Alhos Vedros
33%
Baixa da Banheira
33%
Lavradio
33%
Penalva
33%
Penteado
33%
Praça do Quebedo
33%
Nenhum quiz correspondente encontrado
Distribuição das Pontuações
Porcentagem de Pessoas com Cada Pontuação
Percentil de Números Respondidos
Sua Pontuação Histórica
Você não jogou esse quiz